000 00300nam a22001337a 4500
008 170831b xxu||||| |||| 00| 0 eng d
020 _a9780205322619
041 _aeng
080 _a070
100 _a40
101 _aMED
245 _aTHE MEDIA MASS COMMUNICATION
_cVIVIAN.J
942 _2udc
_cBK
999 _c25794
_d25794